01097 a2200181 4500003000500000005001700005010001700022020001500039020001800054040000900072082001800081100002400099245008700123260004500210300001100255505061400266650003500880Nust20241004161525.0 a 2009943075 a0495667722 a9780495667728 cNust a621.31032,RAS1 aRashid, Muhammad H.10aMicroelectronic Circuits : (Include CD)bAnalysis and Design /cMuhammad H Rashid. aStamford, CT :bCengage Learning,c1999. ap. cm. aIntroduction to Electronics (Page-1), Diodes (Page-27), Applications of Diodes (Page-81), Introduction to Amplifiers (Page-133), Amplifying Devices (Page-185), Introduction to Operational Amplifier (Page-267), Characteristics of Practical Op-amps (Page-329), Frequency Response of Amplifiers (Page-353), Active Filters (Page-421), Feedback Amplifiers (Page-463), Oscillators (Page-541), Introduction to Digital Electronics (Page-577), Active Sources and Differential Amplifiers (Page-655), power Amplifiers (Page-723), Operational Amplifiers (Page-767), Integrated Analog Circuits and Applications (Page-817). aTelecommunication Engineering.